| 000 | 00671nam a22001577a 4500 | ||
|---|---|---|---|
| 003 | OSt | ||
| 005 | 20151117151009.0 | ||
| 008 | 151117b xxu||||| |||| 00| 0 eng d | ||
| 040 | _cRUA | ||
| 082 | _aFIS ចែម 1991 B145 or.1 | ||
| 100 |
_93806 _aចែម សម្បតិ្ត |
||
| 245 | _aគមរោងប្រើប្រាស់ម៉ាស៊ីននៅខេត្តបាត់ដំបង ជាមួយនឹងការររៀបចំប្រព័ន្ធផ្គត់ផ្គងប្រេងរំអិលរបស់ត្រាក់ទ័រ | ||
| 260 |
_aPhnom penh _bRUA _c1991 |
||
| 300 |
_a118p. _bill. _c29cm. |
||
| 942 |
_2ddc _cFIS |
||
| 999 |
_c3539 _d3539 |
||